Daily Capital City Riddle #7 - Statistics

General Stats
  • This quiz has been taken 117 times
  • The average score is 29 of 37
Answer Stats
Type Answer % Correct
Alphabet Letter A
100%
Found Letter O
100%
Found Letter I
99%
Alphabet Letter S
99%
Found Letter E
98%
Found Letter N
98%
Alphabet Letter H
97%
Found Letter R
97%
Found Letter T
97%
Found Letter B
95%
Alphabet Letter C
95%
Found Letter D
95%
Found Letter G
95%
Alphabet Letter L
95%
Alphabet Letter U
94%
Alphabet Letter M
91%
Found Letter W
91%
Alphabet Letter P
90%
Correctly Placed Letter B
83%
Alphabet Letter K
82%
Correctly Placed Letter N
79%
Alphabet Letter J
71%
Alphabet Letter Y
70%
Alphabet Letter V
69%
Correctly Placed Letter D
68%
Correctly Placed Letter I
67%
Correctly Placed Letter E
66%
Alphabet Letter Z
61%
Correctly Placed Letter R
60%
Alphabet Letter F
57%
Alphabet Letter X
56%
Correctly Placed Letter T
55%
Correctly Placed Letter O
51%
Alphabet Letter Q
48%
Correctly Placed Letter G
47%
Correctly Placed Letter W
47%
Mystery Capital Bridgetown
45%
No matching quizzes found
Score Distribution
Percent of People with Each Score
Percentile by Number Answered
Your Score History
You have not taken this quiz